[Event "Titled Tuesday intern op 03rd Jan Early"]
[Site "Chess.com INT"]
[Date "2023.01.03"]
[Round "10"]
[White "Mei, Austin"]
[Black "Babikov, Ivan"]
[Result "1-0"]
[WhiteElo "2158"]
[BlackElo "2239"]
[PlyCount "111"]
[EventDate "2023.01.03"]
[EventType "swiss (blitz)"]
[EventRounds "11"]
[EventCountry "USA"]
[SourceTitle "EXT 2024"]
[Source "ChessBase"]
[SourceDate "2023.10.10"]
[SourceVersion "1"]
[SourceVersionDate "2023.10.10"]
[SourceQuality "1"]

1. e4 c5 2. Nf3 Nf6 3. Nc3 d5 4. e5 Nfd7 5. d4 e6 6. Ne2 Nc6 7. c3 cxd4 8. cxd4 Be7 9. g3 0-0 10. Bg2 f6 11. exf6 Nxf6 12. 0-0 Ne4 13. h4 b6 14. Nf4 Bf6 15. Re1 Qd6 16. Be3 Bd7 17. Rc1 Rac8 18. Nd3 Ne7 19. Bf4 Rxc1 20. Qxc1 Qc6 21. Nfe5 Qb7 22. Bh3 Rc8 23. Qd1 Bxe5 24. Bxe5 Ng6 25. h5 Nxe5 26. Nxe5 Rf8 27. Nd3 Qa6 28. Nf4 Qxa2 29. Qc2 Rc8 30. Qe2 Rf8 31. Rc1 Ng5 32. Bg4 Ne4 33. Rc7 Bc8 34. h6 Qb1+ 35. Kg2 gxh6 36. f3 Ng5 37. Nxe6 Nf7 38. Nf4 Bxg4 39. fxg4 Qe4+ 40. Qxe4 dxe4 41. d5 Rd8 42. Kf2 Ne5 43. Ke3 Nxg4+ 44. Kxe4 Nf6+ 45. Ke5 Ne8 46. Rxa7 Ng7 47. Ne6 Nxe6 48. Kxe6 Kf8 49. d6 Re8+ 50. Kd5 Kg8 51. d7 Rd8 52. Ke6 Kf8 53. Rc7 h5 54. Rc8 Kg7 55. Rxd8 h4 56. gxh4 1-0

[Event "Rilton Cup 48th"]
[Site "Stockholm"]
[Date "2018.12.31"]
[Round "5"]
[White "Raja, Rithvik R"]
[Black "Babikov, Ivan"]
[Result "1-0"]
[WhiteElo "2415"]
[BlackElo "2268"]
[PlyCount "41"]
[EventDate "2018.12.27"]
[EventType "swiss"]
[EventRounds "9"]
[EventCountry "SWE"]
[SourceTitle "CBM 188 Extra"]
[Source "ChessBase"]
[SourceDate "2019.02.26"]
[SourceVersion "1"]
[SourceVersionDate "2019.02.26"]
[SourceQuality "1"]

1. Nf3 d5 2. d4 Nf6 3. c4 e6 4. g3 c5 5. Bg2 cxd4 6. 0-0 dxc4 7. Nxd4 Bc5 8. Qa4+ Qd7 9. Nb5 0-0 10. Qxc4 Bb6 11. Bf4 Nc6 12. N1c3 e5 13. Bg5 a6 14. Bxf6 gxf6 15. Nd5 Qd8 16. Qh4 axb5 17. Nxf6+ Kg7 18. Qg5+ Kh8 19. Be4 Rg8 20. Qh6 Rg7 21. Nxh7 1-0

[Event "Rilton Cup 48th"]
[Site "Stockholm"]
[Date "2018.12.30"]
[Round "4"]
[White "Babikov, Ivan"]
[Black "Maze, Sebastien"]
[Result "1-0"]
[WhiteElo "2268"]
[BlackElo "2596"]
[PlyCount "43"]
[EventDate "2018.12.27"]
[EventType "swiss"]
[EventRounds "9"]
[EventCountry "SWE"]
[SourceTitle "CBM 188 Extra"]
[Source "ChessBase"]
[SourceDate "2019.02.26"]
[SourceVersion "1"]
[SourceVersionDate "2019.02.26"]
[SourceQuality "1"]

1. e4 c5 2. Nc3 Nc6 3. g3 h5 4. Bg2 g6 5. d3 d6 6. f4 Bg4 7. Nge2 h4 8. h3 Bxe2 9. Nxe2 hxg3 10. Nxg3 Bh6 11. c3 e5 12. 0-0 Bxf4 13. Bxf4 exf4 14. Rxf4 Qg5 15. Qg4 Qxg4 16. hxg4 f6 17. g5 fxg5 18. Rg4 Ne5 19. Rxg5 Nf6 20. Ne2 Nxd3 21. Rf1 Kf7 22. Rd5 1-0

[Event "Sochi Doroshkevich Amateur op"]
[Site "Sochi"]
[Date "2017.12.25"]
[Round "5"]
[White "Timchenko, Evgeny"]
[Black "Babikov, Ivan"]
[Result "1-0"]
[WhiteElo "2074"]
[BlackElo "2266"]
[PlyCount "117"]
[EventDate "2017.12.21"]
[EventType "swiss"]
[EventRounds "9"]
[EventCountry "RUS"]
[SourceTitle "CBM 182 Extra"]
[Source "ChessBase"]
[SourceDate "2018.02.23"]
[SourceVersion "1"]
[SourceVersionDate "2018.02.23"]
[SourceQuality "1"]

1. e4 e5 2. Nf3 d5 3. exd5 e4 4. Qe2 Nf6 5. Nc3 Be7 6. Nxe4 0-0 7. d4 Nxe4 8. Qxe4 Re8 9. Ne5 f6 10. Bd3 g6 11. 0-0 fxe5 12. dxe5 Bf5 13. Qc4 Bxd3 14. Qxd3 Nd7 15. f4 b5 16. Be3 Nb6 17. Rad1 Nc4 18. Bc1 c6 19. b3 Nb6 20. c4 bxc4 21. bxc4 cxd5 22. cxd5 Qd7 23. Qb3 Bc5+ 24. Kh1 Qa4 25. Bb2 Qxb3 26. axb3 Rad8 27. d6 Nd7 28. g4 g5 29. Rd5 gxf4 30. Rxf4 Re6 31. Kg2 Rb8 32. Rf3 Rb4 33. Rc3 Bb6 34. Kf3 Kf7 35. Ba3 Rxe5 36. Bxb4 Rxd5 37. h3 Ke6 38. Kg3 Bc5 39. Bxc5 Nxc5 40. Kh4 Kxd6 41. b4 Nd7 42. Ra3 Rb5 43. Rxa7 Rxb4 44. Kg5 Rb3 45. h4 Rf3 46. h5 Ke6 47. Kh6 Rg3 48. g5 Ne5 49. Ra6+ Kf5 50. Ra5 Rh3 51. Rb5 Rh1 52. Ra5 Rh2 53. Rb5 Ra2 54. Kxh7 Ra7+ 55. Kh6 Ra6+ 56. g6 Kf6 57. Rb7 Ng4+ 58. Kh7 Ra5 59. h6 1-0

[Event "Sochi Doroshkevich Amateur op"]
[Site "Sochi"]
[Date "2017.12.21"]
[Round "1"]
[White "Chan, Naruna"]
[Black "Babikov, Ivan"]
[Result "0-1"]
[WhiteElo "1993"]
[BlackElo "2266"]
[PlyCount "102"]
[EventDate "2017.12.21"]
[EventType "swiss"]
[EventRounds "9"]
[EventCountry "RUS"]
[SourceTitle "CBM 182 Extra"]
[Source "ChessBase"]
[SourceDate "2018.02.23"]
[SourceVersion "1"]
[SourceVersionDate "2018.02.23"]
[SourceQuality "1"]

1. e4 e5 2. Nf3 Nc6 3. Bc4 Nf6 4. d3 Be7 5. Nc3 d6 6. h3 Na5 7. Bb3 Nxb3 8. axb3 0-0 9. 0-0 a6 10. d4 exd4 11. Nxd4 Re8 12. Re1 h6 13. Bf4 c5 14. Ndb5 Bxh3 15. Nxd6 Bxd6 16. Qxd6 Bd7 17. Qxc5 Rc8 18. Qd4 Re6 19. Rad1 Qe8 20. Rd3 Bc6 21. f3 Nh5 22. Bh2 Qe7 23. Red1 Kh8 24. Qf2 Qg5 25. Nd5 f5 26. exf5 Qxf5 27. Qh4 Nf6 28. Nxf6 Rxf6 29. Qf2 Rg6 30. Rd8+ Rxd8 31. Rxd8+ Kh7 32. Rd3 Qg5 33. Qd2 Qxd2 34. Rxd2 Bxf3 35. Rf2 Bc6 36. Be5 Rg4 37. Kh2 h5 38. g3 Re4 39. Bc3 Kg6 40. Kh3 Re7 41. Kh2 Kh6 42. Bd2+ g5 43. Rf6+ Kg7 44. Rf2 g4 45. Bc3+ Kg6 46. Rf6+ Kg5 47. Rf2 Bf3 48. Kg1 Re4 49. Rf1 h4 50. gxh4+ Kxh4 51. Re1 Be2 0-1

[Event "RUS-ch blitz"]
[Site "Sochi"]
[Date "2017.10.02"]
[Round "2"]
[White "Fedoseev, Vladimir1111"]
[Black "Babikov, Ivan"]
[Result "1-0"]
[WhiteElo "2731"]
[BlackElo "2276"]
[PlyCount "39"]
[EventDate "2017.10.02"]
[EventType "swiss (blitz)"]
[EventRounds "20"]
[EventCountry "RUS"]
[SourceTitle "EXT 2018"]
[Source "ChessBase"]
[SourceDate "2017.10.13"]
[SourceVersion "1"]
[SourceVersionDate "2017.10.13"]
[SourceQuality "1"]

1. e4 e5 2. Nf3 Nc6 3. Nc3 Nf6 4. Bc4 Nxe4 5. Nxe4 d5 6. Bd3 dxe4 7. Bxe4 Bd6 8. 0-0 0-0 9. Re1 Ne7 10. Bd3 Ng6 11. Bxg6 fxg6 12. Qe2 Qf6 13. d4 exd4 14. Qc4+ Kh8 15. Bg5 Qf5 16. Be7 Bxe7 17. Rxe7 Bd7 18. Qxd4 Rf7 19. Rxf7 Qxf7 20. Ne5 1-0

[Event "Pardubice op rapid 28th"]
[Site "Pardubice"]
[Date "2017.07.20"]
[Round "9"]
[White "Babikov, Ivan"]
[Black "Pulpan, Jakub"]
[Result "1-0"]
[WhiteElo "2267"]
[BlackElo "2368"]
[PlyCount "84"]
[EventDate "2017.07.19"]
[EventType "swiss (rapid)"]
[EventRounds "9"]
[EventCountry "CZE"]
[SourceTitle "CBM 179 Extra"]
[Source "ChessBase"]
[SourceDate "2017.08.23"]
[SourceVersion "1"]
[SourceVersionDate "2017.08.23"]
[SourceQuality "1"]

1. e4 c5 2. Nf3 d6 3. d4 cxd4 4. Nxd4 Nf6 5. Nc3 a6 6. Bg5 e6 7. f4 h6 8. Bh4 Qb6 9. Qd2 Qxb2 10. Rb1 Qa3 11. Be2 Qc5 12. Bf2 Qc7 13. 0-0 Nbd7 14. Kh1 Be7 15. Bg3 Nc5 16. Bf3 Nfd7 17. f5 Bg5 18. Qe2 Ne5 19. Bh5 0-0 20. Rbd1 Qe7 21. Nf3 Bf6 22. Nxe5 dxe5 23. fxe6 Bxe6 24. Nd5 Bxd5 25. exd5 Rad8 26. Rfe1 e4 27. d6 Qe6 28. c4 Nd3 29. Bg4 Qxc4 30. Qxe4 Qxe4 31. Rxe4 Nc5 32. Rc4 Nd7 33. Rc7 Ne5 34. Bh3 b5 35. d7 g5 36. Bf5 Nc4 37. Re1 h5 38. Rc6 Kg7 39. Bc7 Ra8 40. Bd3 Na5 41. Bxa5 Ra7 42. Rxf6 Re8 1-0

[Event "Pardubice op rapid 28th"]
[Site "Pardubice"]
[Date "2017.07.20"]
[Round "7"]
[White "Babikov, Ivan"]
[Black "Yagupov, Igor"]
[Result "0-1"]
[WhiteElo "2267"]
[BlackElo "2372"]
[PlyCount "71"]
[EventDate "2017.07.19"]
[EventType "swiss (rapid)"]
[EventRounds "9"]
[EventCountry "CZE"]
[SourceTitle "CBM 179 Extra"]
[Source "ChessBase"]
[SourceDate "2017.08.23"]
[SourceVersion "1"]
[SourceVersionDate "2017.08.23"]
[SourceQuality "1"]

1. e4 c5 2. Nf3 Nc6 3. d4 cxd4 4. Nxd4 Qb6 5. Nb3 Nf6 6. Be3 Qc7 7. Nc3 e6 8. Bd3 a6 9. 0-0 b5 10. Re1 Be7 11. a3 d6 12. f4 0-0 13. Kh1 Bb7 14. Qf3 Rfe8 15. Qh3 Bf8 16. Rad1 g6 17. Nd4 Nxd4 18. Bxd4 e5 19. fxe5 dxe5 20. Be3 Bg7 21. Rf1 Nh5 22. Be2 Nf4 23. Qd7 Qxd7 24. Rxd7 Bc6 25. Rc7 Rec8 26. Rxc8+ Rxc8 27. Bxf4 exf4 28. Rxf4 Bb7 29. Rf3 f5 30. Re3 fxe4 31. Nxe4 Rxc2 32. h4 Bd4 33. Bd1 Rc1 34. Rd3 Bxe4 35. Rxd4 Bc2 36. Rd3 0-1

[Event "Pardubice op rapid 28th"]
[Site "Pardubice"]
[Date "2017.07.20"]
[Round "6"]
[White "Potapov, Alexander1111"]
[Black "Babikov, Ivan"]
[Result "1/2-1/2"]
[WhiteElo "2402"]
[BlackElo "2267"]
[PlyCount "130"]
[EventDate "2017.07.19"]
[EventType "swiss (rapid)"]
[EventRounds "9"]
[EventCountry "CZE"]
[SourceTitle "CBM 179 Extra"]
[Source "ChessBase"]
[SourceDate "2017.08.23"]
[SourceVersion "1"]
[SourceVersionDate "2017.08.23"]
[SourceQuality "1"]

1. d4 Nf6 2. c4 e6 3. Nc3 d5 4. Bg5 Nbd7 5. e3 h6 6. Bh4 Be7 7. Nf3 Ne4 8. Bxe7 Qxe7 9. Qc2 Nxc3 10. Qxc3 dxc4 11. Bxc4 0-0 12. 0-0 c5 13. Rfd1 Nb6 14. Bb3 cxd4 15. Rxd4 Bd7 16. Rg4 f5 17. Rg6 Rac8 18. Qd4 Rf6 19. Rxf6 gxf6 20. Qh4 Kh7 21. e4 e5 22. exf5 Bxf5 23. Re1 Qg7 24. h3 Nd7 25. Qh5 Bg6 26. Qg4 Rc7 27. Nh4 Bd3 28. Qf3 Nc5 29. Bd5 Qg5 30. g3 e4 31. Qf5+ Qxf5 32. Nxf5 Rd7 33. Ne3 a5 34. Rc1 b6 35. b3 Kg6 36. g4 Rd8 37. a3 h5 38. Kh2 hxg4 39. hxg4 Rd7 40. Kg3 Rd8 41. b4 axb4 42. axb4 Na6 43. Be6 Rd6 44. Bf5+ Kf7 45. b5 Nc5 46. Ra1 Bxb5 47. Ra7+ Bd7 48. Kf4 Ke8 49. Bxe4 Rd4 50. f3 Nxe4 51. fxe4 Bc6 52. Nf5 Rxe4+ 53. Kg3 Re1 54. Nd6+ Kd8 55. Rf7 Re6 56. Nc4 b5 57. Na5 Be8 58. Ra7 Rb6 59. Kf4 b4 60. Nb3 Bd7 61. Nc5 Bc8 62. Ra2 b3 63. Rb2 Rb4+ 64. Ke3 Ke7 65. Rxb3 Rxg4 1/2-1/2

[Event "EU-ch 18th"]
[Site "Minsk"]
[Date "2017.05.30"]
[Round "1"]
[White "Ponkratov, Pavel"]
[Black "Babikov, Ivan"]
[Result "1-0"]
[WhiteElo "2590"]
[BlackElo "2284"]
[PlyCount "55"]
[EventDate "2017.05.30"]
[EventType "swiss"]
[EventRounds "11"]
[EventCountry "BLR"]
[SourceTitle "CBM 179"]
[Source "ChessBase"]
[SourceDate "2017.07.12"]
[SourceVersion "1"]
[SourceVersionDate "2017.07.12"]
[SourceQuality "1"]

1. d4 Nf6 2. c4 e6 3. g3 d5 4. Bg2 c5 5. cxd5 exd5 6. Nf3 Nc6 7. 0-0 Be7 8. dxc5 Bxc5 9. Qc2 Be7 10. Rd1 0-0 11. Nc3 h6 12. Be3 Be6 13. Nd4 Ng4 14. Nxe6 Nxe3 15. Qd3 fxe6 16. Qxe3 Rf6 17. Nxd5 exd5 18. Bxd5+ Kh8 19. Bxc6 Qf8 20. Bf3 Bc5 21. Qd3 Re8 22. Rac1 b6 23. Kg2 a5 24. Rc4 Qf7 25. Qc2 Rf5 26. a3 Rf8 27. Rd3 Qa7 28. b4 1-0

[Event "Rilton Cup 46th"]
[Site "Stockholm"]
[Date "2017.01.05"]
[Round "9"]
[White "Babikov, Ivan"]
[Black "Sagit, Rauan"]
[Result "1-0"]
[WhiteElo "2259"]
[BlackElo "2417"]
[PlyCount "95"]
[EventDate "2016.12.27"]
[EventType "swiss"]
[EventRounds "9"]
[EventCountry "SWE"]
[SourceTitle "CBM 176 Extra"]
[Source "ChessBase"]
[SourceDate "2017.03.02"]
[SourceVersion "1"]
[SourceVersionDate "2017.03.02"]
[SourceQuality "1"]

1. e4 c5 2. c3 b6 3. d4 Bb7 4. Nd2 e6 5. Ngf3 Nf6 6. e5 Nd5 7. dxc5 Bxc5 8. Ne4 Ne3 9. Bxe3 Bxe4 10. Bxc5 bxc5 11. Bd3 Bd5 12. 0-0 Nc6 13. Re1 Rb8 14. b3 Bxf3 15. Qxf3 Qg5 16. Qe4 f5 17. exf6 gxf6 18. Re3 Kd8 19. Rd1 Kc7 20. Qa4 Rhg8 21. Be4 d5 22. Bf3 Qf5 23. c4 Rb4 24. Qa6 Rb6 25. Qa3 d4 26. Bxc6 Kxc6 27. Qa4+ Kb7 28. Qd7+ Kb8 29. Rg3 Rxg3 30. hxg3 Qe5 31. Qxh7 f5 32. Qg8+ Kb7 33. Kf1 Qf6 34. f4 Rd6 35. Qh7+ Kb8 36. b4 Qd8 37. bxc5 Rd7 38. Rb1+ Kc7 39. Qh5 Qa8 40. Qd1 Qc6 41. Qe1 Qxc5 42. Qxe6 Rh7 43. Rb5 Qa3 44. Qe5+ Kc6 45. Qd5+ Kc7 46. Rb7+ Kc8 47. Qc6+ Kd8 48. Rb8+ 1-0